| 000 | 00603nam a2200241Ia 4500 | ||
|---|---|---|---|
| 008 | 160803s9999 xx 000 0 und d | ||
| 020 | _a9780439259828 | ||
| 100 | _aWilhelm, Hans | ||
| 245 | _aBunny trouble / | ||
| 245 | _cby Hans Wilhelm. | ||
| 260 | _aNew York : | ||
| 260 | _bScholastic Inc. | ||
| 260 | _c1985 | ||
| 300 | _a33 unnumbered pages : | ||
| 300 | _bchiefly color illustrations ; | ||
| 300 | _c24 cm | ||
| 650 | _aEaster eggs -- | ||
| 650 | _aRabbits -- | ||
| 650 | _aSoccer stories. | ||
| 650 | _xJuvenile fiction. | ||
| 650 | _xJuvenile fiction. | ||
| 700 | _a390 | ||
| 999 |
_c299349 _d299349 |
||